00492 2200193 4500001002100000005001500021035002000036007000300056008004100059020001800100082001000118084001600128100001700144245003900161250000600200260004400206300003800250650001000288INLIS00000000000204720260228075243 a0010-0226000057ta260228 d 1 ind  a979-20-8632-3 a741.5 a741.5 HWA h0 aHwang Mi-Ree1 aHot Blooded Girl 7 /cHwang Mi-Ree a- aJakarta :bElex Media Komputindo,c2002 a164 hlm. :bilus. ;c11.5 x 17 cm akomik